| 000 | 00931nam a2200217 i 4500 | ||
|---|---|---|---|
| 020 | _a0124605605 | ||
| 040 | _cDLC | ||
| 082 | 0 | _a632 JAM 1979 A109 Or. | |
| 245 | 1 | 0 |
_aLow temperature stress in crop plants : _bthe role of the membrane / |
| 300 |
_axiv, 565 pages : _billustrations ; _c24 cm |
||
| 500 | _a"Proceedings of an International Seminar on Low Temperature Stress in Crop Plants held in the East-West Center, Honolulu, Hawaii, March 26-30, 1979, sponsored by the United States National Science Foundation, the Australian Department of Science, the College of Agricultural and Environmental Sciences, University of California at Davis." | ||
| 650 | 0 | _aPlants | |
| 650 | 0 | _aPlant membranes | |
| 700 | 1 | _aLyons, James M | |
| 700 | 1 | _aGraham, Douglas | |
| 700 | 1 | _aRaison, John K | |
| 710 | 2 | _aNational Science Foundation (U.S.) | |
| 710 | 1 | _aAustralia. | |
| 710 | 2 | _aUniversity of California, Davis. | |
| 942 | _cEK | ||
| 999 |
_c16953 _d16953 |
||